Fundamentals of plant physiology: (Record no. 172332)

MARC details
000 -LEADER
fixed length control field 00673nam a22002057a 4500
005 - DATE AND TIME OF LATEST TRANSACTION
control field 20200203105505.0
010 ## - LCCN (DPL NO)
LC control number B-731184
020 ## - INTERNATIONAL STANDARD BOOK NUMBER
International Standard Book Number 9788121904629
Terms of availability 240.00
035 ## - SYSTEM CONTROL NUMBER
System control number B-731184
037 ## - SOURCE OF ACQUISITION
Source of stock number/acquisition DBAD/Pub
082 ## - DEWEY DECIMAL CLASSIFICATION NUMBER
Classification number 571.2
100 ## - MAIN ENTRY--PERSONAL NAME
Personal name Jain, V.K
245 ## - TITLE STATEMENT
Title Fundamentals of plant physiology:
Statement of responsibility, etc by V.K.Jain
Remainder of title for degree, post graduate and various competitive examinations/
250 ## - EDITION STATEMENT
Edition statement 12th ed
260 ## - PUBLICATION, DISTRIBUTION, ETC. (IMPRINT)
Place of publication, distribution, etc New Delhi
Name of publisher, distributor, etc S. Chand & Co Ltd
Date of publication, distribution, etc 2009
270 ## - ADDRESS
Address Ram Nagar
City New Delhi
Postal code 110055
300 ## - PHYSICAL DESCRIPTION
Extent xi, 633p.
Dimensions 24cm (pbk)
Other physical details ill.
942 ## - ADDED ENTRY ELEMENTS (KOHA)
Source of classification or shelving scheme Dewey Decimal Classification
Item type English Books
Call number suffix JAI
Classification part 571.2
Holdings
Withdrawn status Lost status Not for loan Collection code Home library Current library Date acquired Source of acquisition Cost, normal purchase price Full call number Barcode Copy number Cost, replacement price Koha item type
      Non-fiction Kadipur Kadipur 03/02/2020 Gift/ Eng./13.11.2019 240.00 571.2 JAI B-731184 1 240.00 English Books

© Delhi Public Library
Hit Counter
free hit counter